Η δύναμη της τηλεόρασης : η λογική του μέσου και η αγορά

Αποθηκεύτηκε σε:
Λεπτομέρειες βιβλιογραφικής εγγραφής
Κύριος συγγραφέας: Παπαθανασόπουλος, Στέλιος
Μορφή: Βιβλίο
Γλώσσα:Greek
Δημοσίευση: Αθήνα : Καστανιώτης, 1997.
Έκδοση:3η έκδ.
Σειρά:Επικοινωνία και κοινωνία
Θέματα:
Ετικέτες: Προσθήκη ετικέτας
Δεν υπάρχουν, Καταχωρήστε ετικέτα πρώτοι!

MARC

LEADER 00000cam a2200000 i 4500
001 1/28271
008 021025s1997 gr | ||| |||| ||gre||
020 |a 9600318018 
035 |l 10068587 
040 |a GR-MyUa  |b gre  |e AACR2 
041 0 |a gre 
082 7 |a 302.2345  |2 (21) 
100 1 |a Παπαθανασόπουλος, Στέλιος. 
245 1 2 |a Η δύναμη της τηλεόρασης :   |b η λογική του μέσου και η αγορά /   |c Στέλιος Παπαθανασόπουλος.  
250 |a 3η έκδ.  
260 |a Αθήνα :   |b Καστανιώτης,   |c 1997.  
300 |a 496 σ. :   |b πίν. ;   |c 24 εκ.  
490 1 |a (Επικοινωνία και κοινωνία)  
504 |a Περιέχει βιβλιογραφία.  
650 0 |a Television broadcasting. 
650 0 |a Television broadcasting  |z Greece. 
830 0 |a Επικοινωνία και κοινωνία 
852 |a INST  |b LESVOS  |e 20021025  |h 302.2345 ΠΑΠ  |p 005100024950  |q 005100024950  |t BK  |y 0 
852 |a INST  |b LESVOS  |e 20110728  |h 302.2345 ΠΑΠ  |p 005100049763  |q 005100049763  |t BK  |y 0 
852 |a INST  |b LESVOS  |e 20110728  |h 302.2345 ΠΑΠ  |p 005100049765  |q 005100049765  |t BK  |y 0 
852 |a INST  |b RHODES  |e 20190624  |h 302.2345 ΠΑΠ  |p 005400040956  |q 005400040956  |t BK  |y 0 
852 |a INST  |b SAMOS  |e 20050222  |h 302.2345 ΠΑΠ  |p 005300022574  |q 005300022574  |t BK  |y 0 
901 |a BIBL3-2005-1 
901 |a BIBL1-2002-3 
901 |a BIBL1-2011-2 
922 |a 3ΕΛΗ  |b 200411  |c ΚΥΒ / Βιβλιοθήκη  |d Παπαγεωργίου 
950 |a 127-2004-11-04 
970 |a Καμάτσου  |b Δέσποινα  |z 25/10/2002